| 000 | 00559nam a2200169 a 4500 | ||
|---|---|---|---|
| 008 | 120416s1973 ||||||||||||||||| || u | ||
| 020 | _a0442041519 | ||
| 050 | _aTA 418.14 Joh | ||
| 100 | _aJohnson, W | ||
| 245 | 1 | 0 | _aEngineering plasticity |
| 260 |
_aNew York: _bVan Nostrand Reinhold _c1973 |
||
| 300 | _axviii, 646p. : ill | ||
| 350 | _a0.00 | ||
| 650 | _aMETAL WORK | ||
| 650 | _aPlasticity | ||
| 995 |
_D0.00 _FCBU-MAIN LIBRARY (Kitwe) _H1 _I7.50 _M1 _UAVAILABLE _ZAnnex Low-Usage Collection |
||
| 999 |
_c41985 _d41985 |
||